Catálogo público

Normal view MARC view

Entry Nombre corporativo

Number of records used in: 10

001 - NÚMERO DE CONTROL

  • campo de control: 163913

003 - IDENTIFICADOR DEL NÚMERO DE CONTROL

  • campo de control: OSt

005 - FECHA Y HORA DE LA ÚLTIMA TRANSACCIÓN

  • campo de control: 20230119130138.0

008 - DATOS DE LONGITUD FIJA

  • campo de control de longitud fija: 220127|| aca||aabn | a|a d

040 ## - FUENTE DE LA CATALOGACIÓN

  • Centro catalogador/agencia de origen: OSt
  • Centro/agencia transcriptor: OSt

110 1# - ENCABEZAMIENTO-NOMBRE DE ENTIDAD CORPORATIVA

  • Nombre de entidad corporativa o nombre de jurisdicción como elemento de entrada: México. Secretaría de Agricultura y Recursos Hidráulicos

670 ## - FUENTE DE DATOS ENCONTRADOS

  • Cita de la fuente: Work cat.: (OSt)198635: México. Dirección General de Sanidad Vegetal 77045, Reglamento de la ley de sanidad fitopecuaria de los Estados Unidos Mexicanos en materia de Sanidad Vegetal /